[Event "WYCC U16 Open"]
[Site "Caldas Novas BRA"]
[Date "2011.11.18"]
[Round "1"]
[White "Esteves,Igor Silva Mota"]
[Black "Zavarce,Oscar Enrique"]
[Result "0-1"]
[WhiteElo "1750"]
[BlackElo "2214"]

1.e4 c5 2.Nf3 e6 3.d4 cxd4 4.Nxd4 a6 5.Nc3 Qc7 6.Bd3 Nf6 7.O-O Be7 8.Kh1 d6
9.f4 Nbd7 10.Be2 b5 11.Bf3 Bb7 12.a3 O-O 13.Qe1 Rfe8 14.e5 Nd5 15.Nxd5 Bxd5
16.Bxd5 exd5 17.Qg3 dxe5 18.Nf5 Bf6 19.fxe5 Nxe5 20.Ne3 Qc6 21.Nf5 Ng6 22.c3 Re4
23.Bg5 Be5 24.Qf3 f6 25.Bh4 Rxh4 26.Nxh4 Nxh4 27.Qh3 Ng6 28.Rad1 Rd8 29.Rd2 Nf4
30.Qf3 Ne6 31.Rfd1 Ng5 32.Qf5 Ne4 33.Re2 Re8 34.Qh5 Qe6 35.Qf3 f5 36.Rf1 Qh6
37.Qh3 Qxh3 38.gxh3 g6 39.Rd1 Rd8 40.Kg2 Kf7 41.Rd3 Ke6 42.b3 Rc8  0-1

[Event "5th Mediterranean Open"]
[Site "Rijeka CRO"]
[Date "2011.11.18"]
[Round "8.7"]
[White "Krkljes,S"]
[Black "Saric,A"]
[Result "0-1"]
[WhiteElo "2171"]
[BlackElo "2497"]

1.e4 c5 2.Nf3 e6 3.d4 cxd4 4.Nxd4 a6 5.Nc3 b5 6.Bd3 Bb7 7.Qe2 Nc6 8.Be3 Nf6
9.f4 Qc7 10.e5 Nxd4 11.Bxd4 Nd5 12.Nxd5 Bxd5 13.O-O Bc5 14.Bf2 O-O 15.Qh5 g6
16.Qg5 Bc4 17.Rad1 d5 18.exd6 Bxf2+ 19.Rxf2 Qxd6 20.b3 Bxd3 21.Rxd3 Qb6 22.Kf1 Rad8
23.Rfd2 Rxd3 24.Rxd3 Qc6 25.c3 Qe4 26.Qg3 Qf5 27.Qf3 Re8 28.Kf2 h5 29.g3 e5
30.fxe5 Qxe5 31.Re3 Qc5 32.Ke2 Rd8 33.Qe4 Qa3 34.Qc2 h4 35.b4 a5 36.gxh4 axb4
37.h5 Qa8 38.Rf3 bxc3 39.Qxc3 Qxa2+ 40.Ke3 Re8+ 41.Kd4 Qa4+  0-1

[Event "WYCC U16 Open"]
[Site "Caldas Novas BRA"]
[Date "2011.11.19"]
[Round "2"]
[White "Caceres Recalde,F"]
[Black "Drozdowski,K"]
[Result "1/2-1/2"]
[WhiteElo "2137"]
[BlackElo "2314"]

1.e4 c5 2.Nf3 e6 3.d4 cxd4 4.Nxd4 a6 5.Nc3 b5 6.Be2 Bb7 7.Bf3 Qc7 8.O-O Nc6
9.Nxc6 dxc6 10.Qe1 e5 11.Qe2 Nf6 12.Bg5 Be7 13.Nd1 h6 14.Bxf6 Bxf6 15.Ne3 g6
16.Rfd1 h5 17.Rd3 Rd8 18.Rad1 Rxd3 19.Rxd3 Bc8 20.Rc3 Qb7 21.Qd2 Be7 22.Rd3 Be6
23.Qc3 f6 24.Qd2 Qb6 25.b3 Kf7 26.h3 Rd8 27.Rxd8 Bxd8 28.g4 Qd4 29.Qxd4 exd4
30.Ng2 hxg4 31.Bxg4 f5 32.exf5 gxf5 33.Bf3 Bd7 34.Nf4 Be7 35.Ne2 c5 36.Kf1 Kf6
37.Nf4 Bd6 38.Nd5+ Ke5 39.Nb6 Be6 40.a4 bxa4 41.Nxa4 d3 42.Bd1 dxc2 43.Bxc2 c4
44.bxc4 Bxc4+ 45.Kg2 Bd5+ 46.Kf1 Bc4+ 47.Kg2 Be7 48.Nb6 Bb5 49.f4+ Ke6 50.Bb3+ Kd6
51.Nc8+ Kd7 52.Nxe7 Kxe7 53.Kf3 a5 54.Ke3 a4 55.Ba2 Be8 56.Kd4 Bf7 57.Bb1 a3
58.Ke5 Be6 59.h4 Kf7 60.h5 Bc8 61.Ba2+ Kg7 62.Kd6 Kf6 63.h6 Kg6 64.Kc5 Kxh6
65.Kb4 Kh5 66.Kxa3 Bb7 67.Be6 Kg4 68.Bxf5+ Kxf5  1/2-1/2

[Event "WYCC U18 Open"]
[Site "Caldas Novas BRA"]
[Date "2011.11.19"]
[Round "2"]
[White "Kerigan,D"]
[Black "Debashis,D"]
[Result "1/2-1/2"]
[WhiteElo "2192"]
[BlackElo "2369"]

1.e4 c5 2.Nf3 e6 3.d4 cxd4 4.Nxd4 a6 5.Nc3 d6 6.g4 b5 7.Bg2 Bb7 8.Be3 Ne7
9.Qe2 Nbc6 10.Nb3 Nc8 11.O-O-O Qc7 12.f4 Nb6 13.Kb1 Be7 14.g5 b4 15.Nd5 exd5
16.exd5 Na7 17.Rhe1 Nac8 18.Nd4 g6 19.f5 O-O 20.f6 Re8 21.Ne6 Qd7 22.Ng7 Bf8
23.Nxe8 Qxe8 24.Rd4 a5 25.Bf3 Ba6 26.Qg2 Nc4 27.Qh3 Qe5 28.Bf2 Qxg5 29.Bh4 Qh6
30.Qg2 Ne3 31.Qd2 Nf5 32.Bg5 Nxd4 33.Bxh6 Nxf3 34.Qe3 Nxe1 35.Bxf8 Kxf8 36.Qxe1 Bb7
37.Qd2  1/2-1/2

[Event "WYCC U18 Open"]
[Site "Caldas Novas BRA"]
[Date "2011.11.19"]
[Round "2"]
[White "Rios,Cr"]
[Black "Torres,Ju2"]
[Result "0-1"]
[WhiteElo "2388"]
[BlackElo "2267"]

1.e4 c5 2.Nf3 e6 3.d4 cxd4 4.Nxd4 a6 5.Nc3 Qc7 6.g3 Nf6 7.Bg2 Be7 8.O-O d6
9.a4 Bd7 10.g4 h6 11.h3 Nc6 12.Nde2 O-O 13.f4 Nh7 14.Be3 Rab8 15.Qe1 Nb4
16.Rc1 b5 17.axb5 axb5 18.h4 Nf6 19.Qg3 e5 20.f5 h5 21.gxh5 Kh7 22.Bg5 Bc6
23.Kh2 Rg8 24.Qh3 d5 25.exd5 Nbxd5 26.Nxd5 Bxd5 27.Bxd5 Nxd5 28.f6 gxf6 29.Ng3 Qc8
30.Nf5 fxg5 31.Qd3 Qc4 32.Nxe7+ Qxd3 33.cxd3 Nxe7 34.Rc7 Rbe8 35.Rxf7+ Rg7
36.Rxg7+ Kxg7 37.hxg5 Kf7 38.Kg3 Rd8 39.h6 Rxd3+ 40.Kg4 Rd4+ 41.Kh5 Rd2 42.g6+ Kf6
43.g7 Ng8 44.b4 Nxh6  0-1

[Event "WYCC U14 Girls"]
[Site "Caldas Novas BRA"]
[Date "2011.11.19"]
[Round "2"]
[White "Dadello,Al"]
[Black "Kostitsina,L"]
[Result "0-1"]
[WhiteElo "1826"]
[BlackElo "2055"]

1.e4 c5 2.Nf3 e6 3.d4 cxd4 4.Nxd4 a6 5.Nc3 Qc7 6.Bd3 Bc5 7.Nb3 Be7 8.Be3 Nf6
9.O-O O-O 10.f4 d6 11.Qf3 Nc6 12.Rae1 e5 13.f5 Nb4 14.g4 h6 15.Re2 b5 16.Qh3 d5
17.Bxh6 gxh6 18.Qxh6 Nh7 19.g5 Bxg5 20.Rg2 f6 21.h4 Ra7 22.hxg5 Nxg5 23.Nxd5 Nxd5
24.exd5 Qb6+ 25.Rff2 Rg7 26.Kf1 Bb7 27.c4 Qe3 28.Be2 bxc4 29.Bxc4 Rc8 30.Rg4 Rxc4
31.Rxc4 Qd3+ 32.Ke1 Nf3+ 33.Rxf3 Rg1+ 34.Kf2 Rf1+  0-1

[Event "WYCC U18 Open"]
[Site "Caldas Novas BRA"]
[Date "2011.11.20"]
[Round "3"]
[White "Gaehwiler,G"]
[Black "Torres,Fer"]
[Result "1-0"]
[WhiteElo "2244"]
[BlackElo "1974"]

1.e4 c5 2.Nf3 e6 3.d4 cxd4 4.Nxd4 a6 5.Nc3 Qc7 6.g3 Nc6 7.Bg2 b5 8.O-O Bb7
9.Bf4 e5 10.Nd5 Qd8 11.Nxc6 dxc6 12.Bxe5 cxd5 13.exd5 f6 14.Bf4 Bd6 15.Qg4 Kf8
16.Rfe1 Bc8 17.Qf3 Ne7 18.a4 b4 19.c4 bxc3 20.bxc3 Ng6 21.Bxd6+ Qxd6 22.c4 Ra7
23.c5 Qd8 24.d6 Qd7 25.Rad1 Bb7 26.c6 Bxc6 27.Qxc6 Ne5 28.Qxd7 Rxd7 29.f4 Nc4
30.Bc6 Rd8 31.d7 Na5 32.Re8+ Kf7 33.Rxh8 Rxh8 34.d8=Q  1-0

[Event "Femida Cup Women"]
[Site "Kharkiv UKR"]
[Date "2011.11.24"]
[Round "5"]
[White "Andriasian,S"]
[Black "Kalinina,M"]
[Result "1-0"]
[WhiteElo "2220"]
[BlackElo "2072"]

1.e4 c5 2.Nc3 a6 3.Nf3 e6 4.d4 cxd4 5.Nxd4 Qc7 6.Bd3 Nf6 7.O-O Bc5 8.Nb3 Be7
9.a4 b6 10.f4 d6 11.e5 Nfd7 12.exd6 Bxd6 13.Ne4 Be7 14.Bd2 Nf6 15.Bc3 Nbd7
16.f5 e5 17.Qe2 Nd5 18.Bd2 Bb7 19.Rae1 O-O 20.g4 f6 21.Rf3 Rfc8 22.Rh3 Nb4
23.Bxb4 Bxb4 24.c3 Be7 25.Nbd2 Rd8 26.Bc4+ Kh8 27.g5 g6 28.fxg6 Nf8 29.gxf6 Bxf6
30.Nxf6 Qc5+ 31.Qe3 Rxd2 32.Qxc5 Rg2+ 33.Kf1 bxc5 34.Nxh7 Kg7 35.Rxe5 Rxb2
36.Re7+ Kxg6 37.Bd3+  1-0

[Event "Vilnius Open 2011"]
[Site "Vilnius LTU"]
[Date "2011.11.24"]
[Round "6"]
[White "Rutkauskas,G"]
[Black "Novikovas,A"]
[Result "1/2-1/2"]
[WhiteElo "1933"]
[BlackElo "1959"]

1.e4 c5 2.Nf3 e6 3.Nc3 a6 4.d4 cxd4 5.Nxd4 Qc7 6.Bd3 Nc6 7.Nxc6 dxc6 8.O-O Bc5
9.Qg4 g6 10.Qg3 Qxg3 11.hxg3 b5 12.Bf4 Bd4 13.Bd6 f6 14.a4 Kd7 15.Bf8 Ne7
16.Bxe7 Kxe7 17.axb5 Bxc3 18.bxc3 cxb5 19.Bxb5 Rd8  1/2-1/2

[Event "Vizag GM Open"]
[Site "Visakhapatnam IND"]
[Date "2011.11.24"]
[Round "2"]
[White "Mohammad,J"]
[Black "Deepan,C"]
[Result "0-1"]
[WhiteElo "2219"]
[BlackElo "2492"]

1.e4 c5 2.Nf3 e6 3.d4 cxd4 4.Nxd4 a6 5.Nc3 d6 6.Be2 Nf6 7.O-O Be7 8.f4 O-O
9.Kh1 Nc6 10.Be3 Qc7 11.Qe1 Nxd4 12.Bxd4 b5 13.a3 Nd7 14.Qg3 Bf6 15.Rad1 Bb7
16.f5 Ne5 17.Qh3 Qe7 18.fxe6 fxe6 19.Rf2 Rf7 20.Rdf1 Raf8 21.b3 g6 22.Qe3 Bg7
23.Nd1 Qh4 24.Rxf7 Rxf7 25.Rxf7 Nxf7 26.Nf2 Bxd4 27.Qxd4 e5 28.Qe3 Bxe4 29.c4 Bc6
30.cxb5 axb5 31.Kg1 Qg5 32.Ng4 Qxe3+ 33.Nxe3 d5 34.Nc2 Nd6 35.Nb4 Ba8 36.a4 bxa4
37.bxa4 Kf7 38.Kf2 Ke7 39.a5 Ne4+ 40.Ke1 Kd6 41.Bf3 Nc5 42.a6 e4 43.Be2 Nd7
44.Kd2 Kc5 45.Nc2 Ne5 46.Ke3 Nc6 47.h4 d4+  0-1

[Event "TCh-SVK Extraliga 2011-12"]
[Site "Slovakia SVK"]
[Date "2011.11.26"]
[Round "3"]
[White "Jurcik,Mart"]
[Black "Zpevak,P"]
[Result "1-0"]
[WhiteElo "2355"]
[BlackElo "2392"]

1.e4 c5 2.Nf3 e6 3.d4 cxd4 4.Nxd4 a6 5.Nc3 Qc7 6.g3 Nf6 7.Bg2 Nc6 8.O-O d6
9.a4 Bd7 10.Nb3 Be7 11.f4 Rc8 12.Be3 O-O 13.g4 Nb4 14.g5 Ne8 15.f5 Qd8 16.Qd2 exf5
17.exf5 d5 18.Nd4 Nd6 19.b3 Rxc3 20.Qxc3 Ne4 21.Bxe4 dxe4 22.f6 Bd6 23.fxg7 Re8
24.Qc4 Qe7 25.Nf5 Bxf5 26.Rxf5 Qe6 27.Qxe6 fxe6 28.Rf2 Nd5 29.Bd4 e5 30.Ba7 Be7
31.Rd2 Nf4 32.Rd7 Bxg5 33.Rxb7 Rc8 34.Rb8  1-0

[Event "TCh-CZE Liga 1 Zapad"]
[Site "Czech Rep CZE"]
[Date "2011.11.27"]
[Round "4.5"]
[White "Chalupa,I"]
[Black "Novacek,Ja"]
[Result "1-0"]
[WhiteElo "2139"]
[BlackElo "2138"]

1.e4 c5 2.Nf3 e6 3.d4 cxd4 4.Nxd4 a6 5.Nc3 Qc7 6.g3 Nf6 7.Bg2 d6 8.O-O Be7
9.Re1 O-O 10.f4 Rd8 11.Kh1 Nc6 12.Nxc6 bxc6 13.e5 dxe5 14.Qf3 Nd5 15.fxe5 Nxc3
16.Qxc6 Ra7 17.Qxc3 Qxc3 18.bxc3 Rc7 19.Rb1 Rxc3 20.Be4 g6 21.Bd3 Rc7 22.Bh6 Bc5
23.Bg5 Rd4 24.h4 Ra4 25.Kh2 Ba7 26.Rb2 Kf8 27.Bf6 h5 28.Rf1 Kg8 29.Re1 Kh7
30.Re4 Bd7 31.Rxa4 Bxa4 32.Bxa6 Bxc2 33.Bf1 Be4 34.Bg2 Rc2 35.Rxc2 Bxc2 36.Bc6 g5
37.hxg5 Kg6 38.Be8 Be4 39.Kh3 Bf3 40.Kh4 Bb6 41.Bb5 Be4 42.Be2 Kh7 43.Kxh5 Bf2
44.Kh4 Bf5 45.a4 Be1 46.Bd8 Bc3 47.Bc7 Be4 48.a5 Kg6 49.Bh5+ Kg7 50.a6 Bd4
51.Bb8 Bf2 52.a7 Be3 53.Be2 Kg6 54.Bd3  1-0

[Event "25th Belgrade Trophy"]
[Site "Obrenovac SRB"]
[Date "2011.11.27"]
[Round "4.10"]
[White "Spasov,V"]
[Black "Andrijevic,M"]
[Result "1-0"]
[WhiteElo "2583"]
[BlackElo "2333"]

1.e4 c5 2.Nf3 e6 3.d4 cxd4 4.Nxd4 a6 5.Nc3 Qc7 6.Bd3 Nc6 7.Nxc6 bxc6 8.O-O Nf6
9.Qe2 e5 10.f4 Bd6 11.Kh1 O-O 12.f5 Be7 13.g4 h6 14.g5 hxg5 15.Bxg5 d5 16.Rg1 Nh7
17.Bh6  1-0

[Event "25th Belgrade Trophy"]
[Site "Obrenovac SRB"]
[Date "2011.11.27"]
[Round "4.8"]
[White "Zivkovic,Sava"]
[Black "Cabrilo,G"]
[Result "1/2-1/2"]
[WhiteElo "2321"]
[BlackElo "2463"]

1.e4 c5 2.Nf3 e6 3.d4 cxd4 4.Nxd4 a6 5.Nc3 Qc7 6.g3 Bb4 7.Bd2 Nf6 8.Bg2 Nc6
9.Nb3 Be7 10.f4 d6 11.a4 b6 12.O-O O-O 13.g4 Re8 14.g5 Nd7 15.Qh5 Rb8 16.Rf3 b5
17.axb5 axb5 18.Raf1 b4 19.Rh3 Nf8 20.Nd1 d5 21.Ne3 dxe4 22.Bxe4 g6 23.Qh6 f5
24.gxf6 Bxf6 25.Ng4 Bg7 26.Qg5 Ba6 27.Ra1 Rb5 28.Nf6+ Bxf6 29.Qxf6 Bb7 30.Be3 Nd7  1/2-1/2

[Event "25th Belgrade Trophy"]
[Site "Obrenovac SRB"]
[Date "2011.11.27"]
[Round "4.14"]
[White "Olenin,N"]
[Black "Cvetkovic,Sr"]
[Result "1-0"]
[WhiteElo "2323"]
[BlackElo "2395"]

1.e4 c5 2.Nf3 e6 3.d4 cxd4 4.Nxd4 a6 5.Nc3 Nc6 6.Be3 Nf6 7.Bd3 d5 8.O-O Nxd4
9.Bxd4 dxe4 10.Nxe4 Be7 11.c3 Bd7 12.Nxf6+ Bxf6 13.Be4 Qc7 14.Bxf6 gxf6 15.Qd4 e5
16.Qb4 O-O-O 17.Rfd1 Be6 18.c4 f5 19.Bd5 Bxd5 20.cxd5 Qd6 21.Qb3 Kb8 22.Rac1 Rc8
23.Rc3 Rhe8 24.Qc2 e4 25.g3 h5 26.Qd2 h4 27.Qg5 hxg3 28.hxg3 Rxc3 29.bxc3 Rc8
30.Qxf5 e3 31.Rd3 Re8 32.Rxe3 Rxe3 33.fxe3 Qxg3+ 34.Kf1 Qxe3 35.Qxf7 Qxc3
36.Qf8+ Ka7 37.d6 Qa1+ 38.Ke2 Qxa2+ 39.Ke3  1-0

[Event "TCh-SVK Extraliga 2011-12"]
[Site "Slovakia SVK"]
[Date "2011.11.27"]
[Round "4"]
[White "Matejovic,J"]
[Black "Bednar,Mil"]
[Result "1/2-1/2"]
[WhiteElo "2243"]
[BlackElo "2272"]

1.e4 c5 2.Nf3 e6 3.d4 cxd4 4.Nxd4 a6 5.Nc3 Qc7 6.Be2 Nf6 7.O-O Be7 8.f4 d6
9.a4 Nc6 10.Be3 Bd7 11.Bf3 O-O 12.Nb3 Na5 13.e5 Ne8 14.Nxa5 Qxa5 15.Kh1 Bc6
16.Bxc6 bxc6 17.exd6 Nxd6 18.Qf3 Nf5 19.Ne4 Rfd8 20.b3 Rd5 21.Qf2 Qb4 22.c4 Rd7
23.Rab1 Rad8 24.Ba7 Ra8 25.Bc5 Bxc5 26.Qxc5 Qb7 27.a5 Rb8 28.Qf2 Rd4 29.Nc5 Qa7
30.Na4 c5 31.Qf3 Qc7 32.Nb6 Rbd8 33.Rbd1 h6 34.Rxd4 Nxd4  1/2-1/2

[Event "Vilnius Open 2011"]
[Site "Vilnius LTU"]
[Date "2011.11.27"]
[Round "9"]
[White "Rutkauskas,G"]
[Black "Prigodinas,R"]
[Result "1-0"]
[WhiteElo "1933"]
[BlackElo "1866"]

1.e4 c5 2.Nf3 e6 3.Nc3 a6 4.d4 cxd4 5.Nxd4 Qc7 6.Bd3 b5 7.O-O Bb7 8.a3 Nf6
9.Nf3 d6 10.Qe2 Nbd7 11.Bf4 Ne5 12.Nxe5 dxe5 13.Be3 Bc5 14.Bxb5+ Ke7 15.Qc4 Rac8
16.Bxc5+ Qxc5 17.Qxc5+ Rxc5 18.Bd3 Rhc8 19.f3 Nd7 20.Rad1 h5 21.Rf2 g6 22.Rfd2 R8c7
23.Kf2 f5 24.g3 Nb6 25.h4 Kf6 26.exf5 gxf5 27.Be2 Nc4 28.Bxc4 Rxc4 29.Rd7 e4
30.Rxc7 Rxc7 31.fxe4 fxe4 32.Ke3 Kf5 33.Rd8 Rf7 34.Rg8 Ke5 35.Rg5+ Rf5 36.Ne2 Rxg5
37.hxg5 Kf5 38.Nd4+ Kxg5 39.Nxe6+ Kg4 40.Nf4 Kxg3 41.Nxh5+ Kg4 42.Nf6+ Kf5
43.Nd7 a5 44.b4 axb4 45.axb4 Bc6 46.Nc5 Ke5 47.c4 Be8 48.Nxe4 Bf7 49.Nd2 Be6
50.Kd3 Bf5+ 51.Kc3 Bd7 52.b5 Bc8 53.Kb4 Kd6 54.c5+ Kc7 55.Nc4 Bh3 56.c6 Bg2
57.Kc5 Bf3 58.b6+ Kb8 59.c7+  1-0

[Event "Femida Cup Women"]
[Site "Kharkiv UKR"]
[Date "2011.11.28"]
[Round "9"]
[White "Andrenko,I"]
[Black "Kalinina,M"]
[Result "1-0"]
[WhiteElo "2210"]
[BlackElo "2072"]

1.e4 c5 2.Nf3 e6 3.d4 cxd4 4.Nxd4 a6 5.Nc3 Qc7 6.Bd3 Nf6 7.O-O Bc5 8.Nb3 Be7
9.f4 d6 10.Qf3 Nc6 11.Be3 Bd7 12.Rae1 Nb4 13.a3 Nxd3 14.cxd3 Bc6 15.Nd4 Rc8
16.g4 Nd7 17.Nxc6 bxc6 18.d4 O-O 19.f5 c5 20.d5 Bh4 21.Re2 Ne5 22.Qh3 Qe7
23.g5 Bxg5 24.Bxg5 Qxg5+ 25.Rg2 Qd8 26.f6 Ng6 27.dxe6 fxe6 28.Qxe6+ Kh8 29.f7 Ne5
30.Rf5 Rc7 31.Rgf2 Re7 32.Qd5 Ng4 33.R2f3 g6 34.R5f4 Ne5 35.Rf2 Kg7 36.b4 cxb4
37.axb4 Qb6 38.Qd1 Rexf7 39.Nd5 Qa7 40.Kg2 Rxf4 41.Nxf4 Qe7 42.Kh1 h5 43.Qf1 Nd7
44.Qg2 Qe8 45.Nxh5+ Kh6 46.Nf4 Nf6 47.Qh3+ Nh5 48.Qe3 g5 49.Nh3 Rg8 50.Nxg5 Rxg5
51.h4 Qxe4+ 52.Qxe4 Ng3+ 53.Kg2 Nxe4+ 54.hxg5+ Kxg5 55.Ra2 Kf5 56.Rxa6 Ke5
57.Kf3 Kd4 58.b5 Kd5 59.Rc6 Ng5+ 60.Ke3 Ne6 61.Rc8 Nc5 62.b6 Nb7 63.Rc7  1-0

[Event "25th Belgrade Trophy"]
[Site "Obrenovac SRB"]
[Date "2011.11.28"]
[Round "5.18"]
[White "Bressac,S"]
[Black "Tosic,M"]
[Result "0-1"]
[WhiteElo "2212"]
[BlackElo "2444"]

1.e4 c5 2.Nf3 e6 3.d4 cxd4 4.Nxd4 a6 5.Nc3 b5 6.g3 Bb7 7.Bg2 Nf6 8.O-O b4
9.Na4 d6 10.Re1 Qa5 11.b3 Nbd7 12.a3 bxa3 13.Bxa3 Qc7 14.Qd2 Be7 15.Rad1 O-O
16.c4 Nc5 17.Nc3 Rfd8 18.Qa2 Rdb8 19.f4 Bf8 20.Rd2 e5 21.Nf5 g6 22.b4 Ncxe4
23.Nxe4 Nxe4 24.Bxe4 Bxe4 25.Nxd6 Bxd6 26.c5 Bf8 27.Rxe4 a5 28.Qc4 axb4 29.Bb2 Qxc5+
30.Qxc5 Bxc5+ 31.Kg2 exf4 32.gxf4 b3 33.Be5 Rd8 34.Rb2 Rd3 35.Rc4 Ba3 36.Rb1 Re8
37.Ra4 b2  0-1

[Event "25th Belgrade Trophy"]
[Site "Obrenovac SRB"]
[Date "2011.11.29"]
[Round "6.22"]
[White "Vucinic,G"]
[Black "Andrijevic,M"]
[Result "1/2-1/2"]
[WhiteElo "2146"]
[BlackElo "2333"]

1.e4 c5 2.Nf3 e6 3.d4 cxd4 4.Nxd4 a6 5.Nc3 Qc7 6.Bd3 Nc6 7.Nxc6 bxc6 8.Qe2 d6
9.O-O Nf6 10.f4 Be7 11.Kh1 Nd7 12.Bd2 O-O 13.Rf3 e5 14.f5 Re8 15.g4 Qd8 16.Raf1 a5
17.f6 Bxf6 18.Bc4 d5 19.exd5 Nb6 20.g5 Bxg5 21.Bxg5 Qxg5 22.Rxf7 Nxc4 23.Rxg7+ Qxg7
24.Rg1 Qxg1+ 25.Kxg1 Kf7 26.Qxc4 cxd5 27.Nxd5 Ba6 28.Qc6 Red8 29.Nc7 Rac8
30.Qf3+ Ke7 31.Nxa6 Rxc2 32.Qa3+ Kf6 33.Qf3+ Ke7 34.Qh5 Rdd2 35.Qxe5+  1/2-1/2

[Event "25th Belgrade Trophy"]
[Site "Obrenovac SRB"]
[Date "2011.11.29"]
[Round "6.17"]
[White "Popovic,AM"]
[Black "Cabrilo,G"]
[Result "1/2-1/2"]
[WhiteElo "2318"]
[BlackElo "2463"]

1.e4 c5 2.Nf3 e6 3.d4 cxd4 4.Nxd4 a6 5.Nc3 Qc7 6.Bd3 Nc6 7.Nxc6 dxc6 8.f4 e5
9.fxe5 Ne7 10.Bf4 Ng6 11.Qd2 Be6 12.O-O-O Nxf4 13.Qxf4 Qa5 14.Be2 Be7 15.Bg4 O-O
16.Bf5 Rad8 17.Rxd8 Rxd8 18.Bxe6 fxe6 19.Kb1  1/2-1/2

[Event "8th Vasylyshyn Mem IM"]
[Site "Lviv UKR"]
[Date "2011.11.30"]
[Round "2"]
[White "Terletsky,O"]
[Black "Kostin,Alexe"]
[Result "0-1"]
[WhiteElo "2185"]
[BlackElo "2333"]

1.e4 c5 2.Nf3 e6 3.d4 cxd4 4.Nxd4 a6 5.Nc3 Qc7 6.g3 Nf6 7.Bg2 Bb4 8.Bd2 Nc6
9.Nxc6 dxc6 10.O-O Be7 11.a4 e5 12.h3 Be6 13.Qe2 O-O 14.a5 Bb4 15.g4 Bxa5
16.g5 Bxc3 17.Bxc3 Nd7 18.Qe3 a5 19.f4 exf4 20.Rxf4 a4 21.Raf1 b5 22.Rh4 Qa7
23.Bd4 c5 24.Bf6 Nxf6 25.gxf6 c4 26.Qxa7 Rxa7 27.fxg7 Rd8 28.e5 b4 29.Be4 Ra5
30.Rxh7 Rd4 31.Rf3 Rxe4 32.Rg3 Rg4  0-1

[Event "Final Russian Rapid GP"]
[Site "Apatity RUS"]
[Date "2011.12.02"]
[Round "1.3"]
[White "Inarkiev,E"]
[Black "Bocharov,D"]
[Result "0-1"]
[WhiteElo "2686"]
[BlackElo "2609"]

1.e4 c5 2.Nf3 e6 3.d4 cxd4 4.Nxd4 a6 5.Nc3 Qc7 6.Bd3 Nc6 7.Nxc6 bxc6 8.O-O Nf6
9.Qe2 d5 10.Bg5 Bb7 11.f4 h6 12.Bh4 Be7 13.e5 Nd7 14.Bxe7 Kxe7 15.Rae1 g6
16.b3 c5 17.Nd1 Nb6 18.Ne3 d4 19.Ng4 Nd5 20.Bc4 Nc3 21.Qf2 Kf8 22.Nf6 Qd8
23.Qg3 Bd5 24.Bd3 Bc6 25.a4 Qe7 26.Bc4 a5 27.Rf2 Bb7 28.Qd3 Kg7 29.Ref1 Rad8
30.Re1 Bd5 31.Bb5 Qb7 32.Ba6 Qc6 33.Bb5 Qb7 34.Ba6 Qc6 35.h4 c4 36.Bxc4 Bxc4
37.bxc4 h5 38.Ra1 Rc8 39.c5 Qxc5 40.f5 exf5 41.Rxf5 Ne2+ 42.Kh2 gxf5 43.Qxe2 Qxc2
44.Qf3 Qc3 45.Qxf5 Qxa1 46.Qg5+ Kf8 47.Nd7+ Ke8 48.Nf6+ Ke7 49.Nd5+ Ke6 50.Nb6 Qf1
51.Nxc8 Rxc8 52.Qh6+ Kxe5 53.Qg5+ Qf5 54.Qe7+ Qe6 55.Qb7 Rc5 56.Qb8+ Qd6
57.Qg8 Kf6+ 58.g3 Qe5 59.Qh7 Rc3 60.Qh8+ Kf5 61.Qxh5+ Ke4 62.Qg4+ Ke3 63.Qd1 d3
64.Qe1+ Kd4 65.Qf2+ Kc4 66.Qxf7+ Kb4 67.Qd7 Qe2+ 68.Kh3 Qf1+ 69.Kg4 Rc4+
70.Kg5 Qc1+ 71.Kh5 d2 72.g4 d1=Q 73.Qb5+ Ka3  0-1

[Event "TCh-AUT 2 Mitte 2011-12"]
[Site "Maria Saal AUT"]
[Date "2011.12.02"]
[Round "4"]
[White "Rieger,R"]
[Black "Titz,Hei"]
[Result "0-1"]
[WhiteElo "2167"]
[BlackElo "2202"]

1.e4 c5 2.Nf3 e6 3.d4 cxd4 4.Nxd4 a6 5.Nc3 b5 6.Be3 Bb7 7.Bd3 Nf6 8.e5 b4
9.exf6 bxc3 10.fxg7 Bxg7 11.bxc3 Qc7 12.Qg4 Qxc3+ 13.Ke2 O-O 14.Rab1 f5 15.Nxf5 exf5
16.Bxf5 Bc6 17.Rhd1 Qe5 18.Bd3 d5 19.Qh4 h6 20.Rb4 Nd7 21.Rg4 Rf6 22.Kd2 Raf8
23.Bd4 Qd6 24.Bxf6 Rxf6 25.f4 Nc5 26.Rb1 Nxd3 27.cxd3 Kh7 28.Qg3 Rf7 29.d4 Bd7
30.Rh4 Bf5 31.Rb3 Qf6 32.Rb4 Rc7 33.Qg5 Qe6 34.Qh5 Qe4 35.Qf3  0-1

[Event "71st ch-ITA 2011"]
[Site "Perugia ITA"]
[Date "2011.12.03"]
[Round "4"]
[White "Genocchio,D"]
[Black "Caruana,F"]
[Result "1/2-1/2"]
[WhiteElo "2440"]
[BlackElo "2727"]

1.e4 c5 2.Nf3 e6 3.d4 cxd4 4.Nxd4 a6 5.Nc3 Qc7 6.g3 Bb4 7.Ne2 Be7 8.Bg2 Nf6
9.O-O d6 10.h3 Nc6 11.a4 Rb8 12.g4 Nd7 13.Ng3 b5 14.axb5 axb5 15.f4 O-O 16.g5 b4
17.Nce2 b3 18.c3 Re8 19.f5 Bf8 20.Nf4 Nce5 21.h4 Bb7 22.h5 exf5 23.exf5 Qc5+
24.Kh1 Bxg2+ 25.Kxg2 Nc4 26.g6 Nf6 27.gxf7+ Kxf7 28.h6 gxh6 29.Kh3 Ne3 30.Bxe3 Rxe3
31.Rf3 Be7 32.Ra5 Qb6 33.Ra6 Qc5 34.Ra5 Qb6 35.Ra6 Qc5  1/2-1/2

[Event "XXXII Crespi Memorial"]
[Site "Milan ITA"]
[Date "2011.12.04"]
[Round "2"]
[White "Valsecchi,A"]
[Black "David,Alb"]
[Result "1-0"]
[WhiteElo "2376"]
[BlackElo "2597"]

1.e4 c5 2.Nf3 e6 3.d4 cxd4 4.Nxd4 a6 5.Nc3 Qc7 6.Be2 b5 7.O-O Bb7 8.Be3 Nf6
9.Bf3 d6 10.Re1 Nbd7 11.a4 b4 12.Nd5 exd5 13.exd5 Ne5 14.Bf4 Rd8 15.Nf5 g6
16.Qd4 Nd7 17.Nh6 Bg7 18.Qxb4 Kf8 19.Ra3 a5 20.Qb5 Qc4 21.Qxa5 Re8 22.Qd2 Qd4
23.Rd3 Qxb2 24.Rb3 Qd4 25.Rxb7 Qxd2 26.Bxd2 Nxf3+ 27.gxf3 Rxe1+ 28.Bxe1 Ne5
29.Bb4 Nxf3+ 30.Kg2 Nh4+ 31.Kh3  1-0

[Event "ITT Pre Jahv Mcgregor"]
[Site "Silvania COL"]
[Date "2011.12.04"]
[Round "9"]
[White "Uribe Arteaga,D"]
[Black "Zuluaga,C"]
[Result "0-1"]
[WhiteElo "2228"]
[BlackElo "2365"]

1.e4 c5 2.Nf3 a6 3.Nc3 e6 4.d4 cxd4 5.Nxd4 Qc7 6.Be2 Nf6 7.Be3 d6 8.O-O Nbd7
9.f4 b5 10.a3 Bb7 11.Bf3 Be7 12.Qe1 O-O 13.Qg3 Rac8 14.e5 dxe5 15.fxe5 Ne8
16.Rae1 b4 17.axb4 Bxb4 18.Kh1 Bxf3 19.Nxf3 Bxc3 20.bxc3 Qxc3 21.Bg5 f6 22.exf6 Nexf6
23.Rxe6 Qc4 24.Ree1 Qxc2 25.h3 Ne4 26.Qh4 Ndc5 27.Be3 a5 28.Rc1 Qd3 29.Bg1 g5
30.Qg4 h5  0-1

[Event "Ascona Gp A"]
[Site "Ascona SUI"]
[Date "2011.12.05"]
[Round "2.3"]
[White "Zeller,F"]
[Black "Oratovsky,M"]
[Result "0-1"]
[WhiteElo "2375"]
[BlackElo "2522"]

1.e4 c5 2.Nf3 e6 3.d4 cxd4 4.Nxd4 a6 5.Nc3 b5 6.Bd3 d6 7.O-O Nf6 8.Bd2 Be7
9.a4 b4 10.Nce2 e5 11.Nb3 Nc6 12.c3 bxc3 13.Bxc3 O-O 14.Ng3 Be6 15.Re1 d5
16.exd5 Nxd5 17.Bc4 Nxc3 18.Qxd8 Nxd8 19.Bxe6 Nxe6 20.bxc3 f6 21.Nf5 Kf7
22.Red1 Rfd8 23.Na5 Bf8 24.g3 Rxd1+ 25.Rxd1 Nc5 26.Nd6+ Ke6 27.Ndb7 Rc8 28.Nd8+ Kf5
29.Nac6 Nxa4 30.c4 Nc5 31.f4 Nb7 32.fxe5 Nxd8 33.Nxd8 Be7 34.g4+ Kxg4 35.Ne6 fxe5
36.Ra1 Rc6 37.Nxg7 Rg6 38.Ne8 Kf3+ 39.Kh1 e4 40.Rf1+ Ke2 41.Rf4 Kd3  0-1

[Event "8th Vasylyshyn Mem IM"]
[Site "Lviv UKR"]
[Date "2011.12.05"]
[Round "7"]
[White "Buksa,N"]
[Black "Volovikov,An"]
[Result "0-1"]
[WhiteElo "2062"]
[BlackElo "2315"]

1.e4 c5 2.Nf3 e6 3.d4 cxd4 4.Nxd4 a6 5.Nc3 b5 6.Bd3 Qb6 7.Be3 Bc5 8.Be2 Nc6
9.Nxc6 Bxe3 10.fxe3 dxc6 11.Qd4 Qxd4 12.exd4 e5 13.d5 c5 14.a4 b4 15.Nb1 Nf6
16.Nd2 O-O 17.Bd3 a5 18.O-O-O g6 19.h3 Nd7 20.Bb5 Nb6 21.Nb3 Bd7 22.Nxc5 Bxb5
23.axb5 Rfc8 24.Na6 b3 25.c3 a4 26.d6 a3 27.d7 a2 28.dxc8=Q+ Rxc8 29.Kd2 Nc4+
30.Ke2 Nxb2 31.Ra1 Na4 32.Nb4 Rxc3 33.Nxa2 Rc2+ 34.Kd3 Nc5+ 35.Ke3 bxa2 36.b6 Rb2
37.Rac1 Rxb6 38.Rxc5 Rb1 39.Ra5 Rxh1 40.Rxa2 Re1+ 41.Kf3 Kg7 42.Ra5 Kf6 43.h4 Rd1
44.Ra6+ Ke7 45.h5 Rh1 46.hxg6 hxg6 47.g3 Rd1 48.Rb6 Rd6 49.Rb7+ Ke6 50.Kg4 Rd4
51.Rb6+ Ke7 52.Kf3 Rd3+ 53.Kg4 Re3 54.Rb7+ Kf6 55.Rb4 Kg7 56.Ra4 Rxe4+ 57.Rxe4 f5+
58.Kf3 fxe4+ 59.Kxe4 Kf6 60.g4 Ke6 61.g5 Kd6  0-1

[Event "2nd JAHV McGregor Open"]
[Site "Bogota COL"]
[Date "2011.12.06"]
[Round "2"]
[White "Ruiz,Me"]
[Black "Herrera,Jua"]
[Result "0-1"]
[WhiteElo "1903"]
[BlackElo "2141"]

1.e4 c5 2.Nf3 e6 3.d4 cxd4 4.Nxd4 a6 5.Nc3 Qc7 6.a3 Nf6 7.f3 b5 8.Bd2 Bb7
9.Nce2 d5 10.exd5 Nxd5 11.Ng3 Bd6 12.Nde2 Be5 13.Qc1 Nd7 14.f4 Bf6 15.Nh5 Rc8
16.Nxf6+ N7xf6 17.Nd4 Ne4 18.Bd3 Nxd2 19.Qxd2 Nxf4  0-1

[Event "2nd JAHV McGregor Open"]
[Site "Bogota COL"]
[Date "2011.12.06"]
[Round "2"]
[White "Mosquera,M"]
[Black "Rodriguez,G"]
[Result "1-0"]
[WhiteElo "2396"]
[BlackElo "1988"]

1.e4 c5 2.Nf3 e6 3.d4 cxd4 4.Nxd4 a6 5.Nc3 Qc7 6.f4 d6 7.Qf3 Nf6 8.g4 b5
9.Bd3 Bb7 10.g5 Nfd7 11.Be3 Be7 12.O-O-O Nc6 13.h4 O-O-O 14.Kb1 Kb8 15.f5 Nxd4
16.Bxd4 e5 17.Be3 f6 18.a4 bxa4 19.Nxa4 Nc5 20.Nc3 Rc8 21.Rh2 Rhd8 22.Rhd2 Qa5
23.Qh5 Na4 24.Nxa4 Qxa4 25.Qf7 Rd7 26.Qe6 d5 27.exd5 Bxd5 28.Qxa6 Ba2+ 29.Ka1 Bb3+
30.Qxa4 Bxa4 31.b3 Bc6 32.Kb2 Bf3 33.Be2 Rxd2 34.Rxd2 Bb4 35.Bxf3 Bxd2 36.Bxd2 Rd8
37.Be3 Kc7 38.b4 h6 39.gxh6 gxh6 40.b5 Rg8 41.Ba7  1-0